000 00562nam a2200193Ia 4500
003 OSt
005 20221007082706.0
006 a|||||r|||| 00| 0
007 ta
008 221006b |||||||| |||| 00| 0 eng d
024 _a23,035
037 _cDissertations
040 _aFLL
_cFLL
_beng
041 _2eng
_aeng
100 _aKoirala Ambika Prasad
_9699261
245 0 _aLaws against child labour and their efficacy
_b a critical study of legislation in India and Nepal
942 _cDIS
_2CC
999 _c1167402
_d1167402